| 000 | 01136nas a2200265 i 4500 | ||
|---|---|---|---|
| 001 | 388532 | ||
| 005 | 20250925101039.0 | ||
| 007 | ta | ||
| 008 | 890206s2005 dr a p|co || ospa ||spa| | ||
| 011 | _a2005. | ||
| 022 | _a2220-1033 | ||
| 040 |
_aDO-SdBNP _bspa _cDO-SdBNP _erda |
||
| 041 | _hspa | ||
| 110 | 1 |
_aAcademia de Ciencias de la República Dominicana _9778 |
|
| 245 |
_aSociales / _cAcademia de Ciencias de la República Dominicana. |
||
| 264 |
_aSanto Domingo, República Dominicana : _bComisión de Ciencias Sociales Academia de Ciencias de la República Dominicana, _c2005. |
||
| 300 |
_avolumen : _bilustraciones, fotografías ; _c26 cm. |
||
| 310 | _aAnual. | ||
| 336 |
_atexto _btxt _2rdacontent |
||
| 337 |
_asin mediación _bn _2rdamedia |
||
| 338 |
_avolumen _bnc _2rdacarrier |
||
| 520 | _aSOCIALES: es una publicación anual de la Academia de Ciencias de la República Dominicana, que tiene por misión la divulgación de las ciencias sociales sobre nuestro país y la aplicación de la mismas. | ||
| 651 | 0 |
_aRepública Dominicana _xCiencias Sociales _vPublicaciones periódicas _978065 |
|
| 942 |
_cISSUE _2ddc |
||
| 999 |
_c59148 _d59148 |
||